| 000 | 00717nam a2200229Ia 4500 | ||
|---|---|---|---|
| 008 | 191130s1992##################000#0#eng## | ||
| 020 | _a9780333521540 | ||
| 022 | _a91042959 | ||
| 040 |
_aACL _cACL |
||
| 082 | _a332.042 | ||
| 100 | _aDavidson, Paul | ||
| 245 |
_aInternational money and the real world _cPaul Davidson |
||
| 250 | _a2nd ed | ||
| 260 |
_aNew York _bSt. Martin's Press _c1992 |
||
| 300 | _axiv, 288 p. : ill. ; 23 cm | ||
| 500 | _aSpine title: International money & the real world. Includes bibliographical references (p. 251-282) and index | ||
| 650 | _aInternational finance | ||
| 650 | _aMoney | ||
| 990 | _a28459736ac10000c1c61e10f99fa30ed | ||
| 991 | _a146306 | ||
| 999 |
_c218125 _d218125 |
||